Fallout 4 Locations by Picture - Statistics

General Stats
  • This quiz has been taken 216 times
  • The average score is 12 of 30
Answer Stats
Picture Answer % Correct
Diamond City
98%
The Institute
97%
Vault 111
93%
Bunker Hill
82%
The Castle
66%
Boston Airport
58%
Abernathy Farm
57%
Railroad HQ
50%
USS Constitution
50%
Combat Zone
49%
The Slog
48%
Starlight Drive-In
47%
Vault 81
41%
Crater of Atom
40%
Spectacle Island
37%
Atom Cats Garage
36%
Dunwich Borers
31%
Oberland Station
29%
Jamaica Plain
26%
Vault 95
26%
Swan's Pond
22%
Taffington Boathouse
22%
Peabody House
21%
Cambridge Crater
19%
Croup Manor
16%
Greentop Nursery
16%
Warwick Homestead
14%
Thicket Excavations
13%
Somerville Place
11%
Crater House
6%
No matching quizzes found
Score Distribution
Percent of People with Each Score
Percentile by Number Answered
Your Score History
You have not taken this quiz